Prácticas para asistir y defender a niños, niñas y adolescentes (Registro nro. 1199)

Detalles MARC
000 -LEADER
fixed length control field 01386 a2200277 4500
001 - CONTROL NUMBER
control field 24528
005 - DATE AND TIME OF LATEST TRANSACTION
control field 20260407155529.0
008 - FIXED-LENGTH DATA ELEMENTS--GENERAL INFORMATION
fixed length control field 260407a2011 arg spa d
003 - CONTROL NUMBER IDENTIFIER
control field AR-UNSa-BCEJYS
040 ## - CATALOGING SOURCE
Original cataloging agency AR-UNSa-BCEJYS
Language of cataloging spa
Transcribing agency AR-UNSa-BCEJYS
080 ## - UNIVERSAL DECIMAL CLASSIFICATION NUMBER
Universal Decimal Classification number 342.7
Common auxiliary subdivision Derechos fundamentales. Derechos humanos. Derechos y deberes de los ciudadanos (Derecho a la Salud, vivienda)
020 ## - INTERNATIONAL STANDARD BOOK NUMBER
International Standard Book Number 978-987-1407-29-3
100 1# - MAIN ENTRY--PERSONAL NAME
Personal name Giberti, Eva
245 10 - TITLE STATEMENT
Title Prácticas para asistir y defender a niños, niñas y adolescentes
264 #1 - PRODUCTION, PUBLICATION, DISTRIBUTION, MANUFACTURE, AND COPYRIGHT NOTICE
Place of production, publication, distribution, manufacture Buenos Aires :
Name of producer, publisher, distributor, manufacturer Ministerio de Justicia y Derechos Humanos de la Nación
Date of production, publication, distribution, manufacture, or copyright notice 2011
300 ## - PHYSICAL DESCRIPTION
Extent 159 p.
Dimensions 22 cm.
505 ## - FORMATTED CONTENTS NOTE
Formatted contents note 1. Niñez y Derecho - 2. El derecho penal y los derechos de niños, niñas y adolescentes : Niñez, violencia, derecho y cambio social - 3. Consumo de sustancias - 4. Maltrato infanitl en las organizacions familiares - 5. Abuso sexual infantil(ASI).Aspectos forenses-roles y responsabilidades del sistema penal.
590 ## - LOCAL NOTE (RLIN)
Local note niveau_biblio:m niveau_hierar:0
700 1# - ADDED ENTRY--PERSONAL NAME
Personal name Álvarez, José Atilio
700 1# - ADDED ENTRY--PERSONAL NAME
Personal name Beloff, Mary
700 1# - ADDED ENTRY--PERSONAL NAME
Personal name Berlinerblau, Virginia
700 1# - ADDED ENTRY--PERSONAL NAME
Personal name Bringiotti, María Inés
700 1# - ADDED ENTRY--PERSONAL NAME
Personal name Calabrese, Alberto
856 41 - ELECTRONIC LOCATION AND ACCESS
Uniform Resource Identifier <a href="https://biblioeco.unsa.edu.ar/pmb/images/libros/Practicas para asistir y defender a ni?os, ni?as y adolecentes-l118600.jpg">https://biblioeco.unsa.edu.ar/pmb/images/libros/Practicas para asistir y defender a ni?os, ni?as y adolecentes-l118600.jpg</a>
Link text Imagen de portada
Electronic format type image/jpeg
942 ## - ADDED ENTRY ELEMENTS (KOHA)
Koha item type
Existencias
Withdrawn status Lost status Damaged status Not for loan Home library Current library Shelving location Date acquired Total checkouts Full call number Barcode Date last seen Price effective from Koha item type
        Biblioteca Prof. Eusebio Cleto del Rey Biblioteca Prof. Eusebio Cleto del Rey   07/04/2026   342.7 G445 L118600 07/04/2026 07/04/2026 Libro
        Biblioteca Prof. Eusebio Cleto del Rey Biblioteca Prof. Eusebio Cleto del Rey   07/04/2026   342.7 G445 L118602 07/04/2026 07/04/2026 Libro
        Biblioteca Prof. Eusebio Cleto del Rey Biblioteca Prof. Eusebio Cleto del Rey   07/04/2026   342.7 G445 L118601 07/04/2026 07/04/2026 Libro